00691nam a2200229 a 45000010010000000030011000100080041000210200015000620350026000770920016001031000026001192450023001452600044001683000017002126500031002298560031002609420012002919520098003039900006004019980037004079990017004440001-0777ELIB.Books140825 2010 eng  a0825439515 a(ELIB.Books)0001-0931 a220.92bVan aVander Velde, Frances aWomen of the Bible aGrand RapidsbKregle Publicationsc1957 a258c21.5 Cm aBible/ Biography/ Femenist nKBTS; LibraryuKBTS; Elib. 2ddccBK 00102ddc4070aKBTSbKBTSd2014-08-25l0p15156, 12721r2022-01-22 00:00:00w2022-01-22yBK a2 cbate2014-08-25mcatu2019-07-11 c10777d10777